000 01194cam a2200421 4500
001 B445
008 090401t1986 xxu||||| |||| 00| 0 eng d
035 _a(Sirsi) u35907
041 _aeng
050 _a551.46
110 _aOceanology International 86
_9356
245 _a(Selection of papers from the Oceanology International 86 conference held 4th-7th March 1986 at Brighton.)
260 _c1986
300 _a24 parts in 1v. ; 30cm.
350 _a0
650 _aACOUSTIC DOPPLER CURRENT PROFILES
650 _aARABIAN GULF
650 _aARGOS SERVICE
650 _aBATHYMETRIC SWATHE SOUNDING SYSTEM
650 _aCOMPUTERS
650 _aDREDGING SURVEYS
650 _aECHO SOUNDERS
650 _aGLOBAL POSITIONING SYSTEM
650 _aHAMBURG
650 _aHOVERCRAFT
650 _aHYDROGRAPHIC SURVEYING
650 _aMARINE PIPELINES
650 _aNAVIGATION
650 _aNORTH SEA
650 _aNORWAY
650 _aOCEANOGRAPHIC DATA ACQUISITION PROJECT
650 _aSATELLITE SURVEYING
650 _aSONAR
650 _aUNDERWATER ACOUSTIC IMAGE TRANSMITTING SYSTEMS
650 _aWAVE MEASUREMENT
942 _n0
948 _c04/03/1997
999 _c90160
_d90160